[Event "Druzynowe Mistrzostwa Polski Juniorow - Ekstraliga"]
[Site "Centrum Wypoczynkowo-Szkoleniowe Gwarek, Ustron"]
[Date "1899-12-30"]
[Round "1.1"]
[White "Jarmula, Lukasz"]
[Black "Lewtak, Dominik"]
[Result "1-0"]
[WhiteTitle "FM"]
[BlackTitle "k"]
[WhiteElo "2395"]
[BlackElo "2151"]

1. d4 Nf6 2. c4 e6 3. Nf3 d5 4. Nc3 Nbd7 5. cxd5 exd5 6. Bf4 c6 7. e3 Be7 8. Qc2
O-O 9. Bd3 Re8 10. O-O Nf8 11. Rab1 Ng6 12. Bg3 Bd6 13. b4 a6 14. a4 Nh5 15. b5
axb5 16. axb5 Nxg3 17. hxg3 Bg4 18. bxc6 bxc6 19. Na4 Qc7 20. Nh2 Bd7 21. Nb6
Rab8 22. Nxd7 Qxd7 23. Rxb8 Rxb8 24. Rc1 Rb6 25. e4 dxe4 26. Bxe4 Ba3 27. Ra1
Qd6 28. Nf3 Nf8 29. Ng5 g6 30. Qa2 Qf6 31. Nxf7 Rb2 32. Qxa3 Qxf2+ 33. Kh2 Kxf7
34. Qd6 Kg7 35. Ra7+ Kh6 36. Qe7 Rb3 37. Qh4# 1-0

[Event "Druzynowe Mistrzostwa Polski Juniorow - Ekstraliga"]
[Site "Centrum Wypoczynkowo-Szkoleniowe Gwarek, Ustron"]
[Date "1899-12-30"]
[Round "1.2"]
[White "Psyk, Radoslaw"]
[Black "Mucha, Piotr"]
[Result "1/2-1/2"]
[WhiteTitle "k"]
[BlackTitle "k"]
[WhiteElo "2128"]
[BlackElo "2215"]

1. e4 c5 2. d4 cxd4 3. c3 d3 4. Bxd3 Nc6 5. Nf3 d6 6. O-O Nf6 7. h3 g6 8. Qe2 Bg7
9. Rd1 Nd7 10. Na3 O-O 11. Be3 b6 12. Nd4 Bb7 13. Rac1 Nc5 14. Bc2 Rc8 15. f3
Qc7 16. Qf2 Rfd8 17. b4 Nd7 18. Bb3 Nf6 19. Nab5 Qb8 20. a4 d5 21. Nxc6 Bxc6 22.
e5 Nd7 23. f4 Nf8 24. Nd4 Ba8 25. Rf1 e6 26. g4 Rd7 27. Ne2 Rdc7 28. Bd4 Nd7 29.
Qe3 Re8 30. h4 f6 31. Ng3 fxe5 32. fxe5 Rcc8 33. Rce1 Nxe5 34. Bxe5 Bxe5 35. Qxe5
Qxe5 36. Rxe5 Rxc3 37. Ne4 dxe4 38. Rxe6 Rxe6 39. Bxe6+ Kh8 40. Rf8+ Kg7 41. Rf7+
Kh8 42. Rf8+ Kg7 43. Rxa8 Kf6 44. Bd7 Ke5 45. Rc8 Rd3 46. Re8+ Kf4 47. Bc6 Rd4
48. a5 Rxb4 49. a6 e3 50. g5 Rc4 51. Bb7 b5 52. Kg2 b4 53. Rf8+ Kg4 54. Re8 Kf4
55. Rf8+ 1/2-1/2

[Event "Druzynowe Mistrzostwa Polski Juniorow - Ekstraliga"]
[Site "Centrum Wypoczynkowo-Szkoleniowe Gwarek, Ustron"]
[Date "1899-12-30"]
[Round "1.3"]
[White "Gazik, Viktor"]
[Black "Gaj, Szymon"]
[Result "1/2-1/2"]
[WhiteTitle "FM"]
[BlackTitle "I"]
[WhiteElo "2434"]
[BlackElo "1821"]

1. e4 c5 2. Nc3 d6 3. f4 g6 4. Nf3 Bg7 5. h3 e6 6. g4 Nc6 7. Bg2 Nd4 8. O-O Ne7
9. Ne2 Nxf3+ 10. Bxf3 O-O 11. c3 Nc6 12. Kg2 f5 13. d3 e5 14. exf5 gxf5 15. g5
Kh8 16. h4 Be6 17. Be3 Qd7 18. fxe5 Nxe5 19. Nf4 Bg8 20. Bg1 Rae8 21. Qd2 Nxf3
22. Rxf3 Be5 23. Raf1 Qc6 24. c4 Bf7 25. Kh3 Bxf4 26. Rxf4 Bh5 27. Be3 Bg4+ 28.
Kg3 Kg8 29. d4 cxd4 30. Qxd4 Re5 31. Re1 a6 32. Kf2 Rfe8 33. b3 Bh3 34. Rf3 Bg4
35. Rf4 Bh3 36. Rf3 Bg4 37. Rf4 Bh3 38. Rf3 Bg4 39. Rf4 Bh3 40. Rf3 Bg4 1/2-1/2

[Event "Druzynowe Mistrzostwa Polski Juniorow - Ekstraliga"]
[Site "Centrum Wypoczynkowo-Szkoleniowe Gwarek, Ustron"]
[Date "1899-12-30"]
[Round "1.4"]
[White "Mis, Mieszko"]
[Black "Lis, Mateusz"]
[Result "1/2-1/2"]
[WhiteTitle "I"]
[BlackTitle "I"]
[WhiteElo "1806"]
[BlackElo "1839"]

1. d4 Nf6 2. c4 d6 3. Nc3 Nbd7 4. Nf3 g6 5. g3 Bg7 6. Bg2 O-O 7. O-O e5 8. dxe5
dxe5 9. Qb3 c6 10. Rd1 Qe7 11. Be3 Ng4 12. Ne4 Nxe3 13. Qxe3 Nb6 14. Rac1 Be6
15. Nd6 Rfd8 16. c5 Nd5 17. Qa3 b6 18. e4 Nc7 19. Bf1 Bg4 20. b4 Ne6 21. Bc4 a5
22. Bxe6 fxe6 23. Rc3 axb4 24. Qxb4 bxc5 25. Qxc5 Rd7 26. h3 Bxf3 27. Rxf3 Rf8
28. Rfd3 Rb8 29. Qxc6 Rc7 30. Qa4 Ra7 31. Qc2 Rc7 32. Qe2 Bf8 33. a4 Ra7 34. Qc2
Rc7 35. Qa2 Qf6 36. Nb5 Rc5 37. Qe2 Rbc8 38. Qf3 Qxf3 39. Rxf3 Rc4 40. Nd6 Bxd6
41. Rxd6 Rxa4 42. Rxe6 Rxe4 43. Re3 Rxe3 44. fxe3 Rc5 45. Re7 h6 46. Kf2 Kf8 47.
Rh7 e4 48. Rxh6 Rc2+ 49. Ke1 Kg7 50. Rh4 Rg2 51. Rg4 Kf6 52. Kf1 Rh2 53. Kg1 Rxh3
54. Kg2 Rh8 55. Rxe4 Ra8 56. Kf3 Ra1 57. Rb4 Ra6 58. e4 Ra1 59. Kg4 Ra6 60. Kf4
Re6 61. g4 g5+ 62. Ke3 Ra6 63. Kd4 Rd6+ 64. Ke3 Ra6 65. Rb5 Ra3+ 66. Kd4 Rg3 67.
e5+ Ke7 68. Kd5 Rxg4 69. Rb7+ Kf8 70. Ke6 Rf4 71. Rb8+ Kg7 72. Ke7 Rf7+ 73. Kd6
Ra7 74. Rb6 g4 75. e6 Kf6 76. Rb1 Ra6+ 77. Kd7 Ra7+ 78. Kd6 1/2-1/2

[Event "Druzynowe Mistrzostwa Polski Juniorow - Ekstraliga"]
[Site "Centrum Wypoczynkowo-Szkoleniowe Gwarek, Ustron"]
[Date "1899-12-30"]
[Round "1.6"]
[White "Swiech, Joanna"]
[Black "Kulpa, Zuzanna"]
[Result "1-0"]
[WhiteTitle "I++"]
[BlackTitle "I"]
[WhiteElo "1798"]
[BlackElo "1589"]

1. c4 e5 2. g3 Nf6 3. Bg2 d5 4. cxd5 Nxd5 5. Nc3 Nb6 6. Nf3 Nc6 7. O-O Be7 8. b3
O-O 9. Bb2 Re8 10. d3 Bf8 11. Rc1 Nd4 12. Ne4 Bg4 13. Ned2 c6 14. h3 Bh5 15. g4
Bg6 16. Re1 Qd7 17. Nc4 Nxc4 18. Rxc4 Nxf3+ 19. Bxf3 Rad8 20. Qa1 f6 21. Bc1 Bf7
22. Rc2 h5 23. Kh1 Bd5 24. Bxd5+ Qxd5+ 25. f3 Qf7 26. Be3 f5 27. g5 e4 28. dxe4
fxe4 29. f4 Qf5 30. Kg2 Bd6 31. Rf1 Bc7 32. Qc1 Bb6 33. Bxb6 axb6 34. e3 Rd3 35.
Re2 Red8 36. Qc4+ Qd5 37. Qxd5+ R8xd5 38. g6 Rf5 39. Kh2 Rd6 40. Rg2 Rd3 41. Re2
Kf8 42. Rg1 Ke7 43. Kg3 Kf6 44. Kh4 b5 45. Rg3 c5 46. Rc2 b6 47. Rb2 b4 48. Re2
b5 49. Rc2 Rfd5 50. Rg5 Rxg5 51. fxg5+ Kxg6 52. Rxc5 Rxe3 53. Rxb5 Re1 54. Rxb4
e3 55. Rb5 Ra1 56. Re5 Rxa2 57. Rxe3 Ra5 58. b4 Rb5 59. Rb3 Rxg5 60. Rg3 Rxg3
61. Kxg3 Kg5 62. b5 h4+ 63. Kf3 1-0

[Event "Druzynowe Mistrzostwa Polski Juniorow - Ekstraliga"]
[Site "Centrum Wypoczynkowo-Szkoleniowe Gwarek, Ustron"]
[Date "1899-12-30"]
[Round "1.7"]
[White "Chomczyk, Marek"]
[Black "Niekras, Dawid"]
[Result "1/2-1/2"]
[WhiteTitle "k"]
[BlackTitle "k"]
[WhiteElo "2165"]
[BlackElo "2276"]

1. d4 Nf6 2. c4 g6 3. Nc3 Bg7 4. e4 d6 5. Nf3 O-O 6. Be2 e5 7. O-O Nc6 8. d5 Ne7
9. b4 a5 10. bxa5 Rxa5 11. Nd2 c5 12. dxc6 Nxc6 13. Nb3 Ra8 14. Bg5 Nd4 15. Nxd4
exd4 16. Nd5 Be6 17. Bd3 Bxd5 18. cxd5 h6 19. Bxf6 Bxf6 20. Qb3 Qd7 21. Rfb1 Rfc8
22. Rc1 Rc3 23. Rxc3 dxc3 24. Rb1 Qa4 25. Qxb7 Qxa2 26. Rf1 Qa7 27. Qc6 Rd8 28.
h3 Qd4 29. Bb1 Kg7 30. Qc7 Qb4 31. f4 Qb8 32. Qc4 Rc8 33. Qd3 Qb6+ 34. Kh2 Qc5
35. Bc2 h5 36. Kh1 Qc7 37. Re1 Rd8 38. Ra1 Rb8 39. Ra6 Rb6 40. e5 dxe5 41. d6
Qb8 42. Rxb6 Qxb6 43. f5 g5 44. d7 Qd4 45. Qxd4 exd4 46. g4 hxg4 47. hxg4 Kf8
48. Kg2 Ke7 49. Kf3 Kxd7 50. Ke4 Kd6 51. Bb3 Bg7 52. Bc2 Kc5 53. Kd3 Kd5 54. Ke2
Kc4 55. Bb1 Be5 56. Bc2 f6 57. Bb1 Kb3 58. Kd3 Kb2 1/2-1/2

[Event "Druzynowe Mistrzostwa Polski Juniorow - Ekstraliga"]
[Site "Centrum Wypoczynkowo-Szkoleniowe Gwarek, Ustron"]
[Date "1899-12-30"]
[Round "1.8"]
[White "Mirski, Michal"]
[Black "Nowak, Lukasz"]
[Result "1/2-1/2"]
[WhiteTitle "I"]
[BlackTitle "k"]
[WhiteElo "1922"]
[BlackElo "2116"]

1. e4 e6 2. d3 c5 3. g3 Nc6 4. Bg2 g6 5. Be3 Bg7 6. c3 b6 7. Nf3 Nge7 8. Qd2 Ba6
9. Na3 d5 10. Rd1 O-O 11. h4 Qc7 12. exd5 exd5 13. Bf4 Ne5 14. O-O Nxf3+ 15. Bxf3
Qd7 16. Rfe1 Nc6 17. Nc2 d4 18. cxd4 Bxd4 19. Bxc6 Qxc6 20. Nxd4 cxd4 21. Rc1
Qf3 22. Qe2 Qxe2 23. Rxe2 Bxd3 24. Rd2 Bf5 25. Rxd4 Rfc8 26. Rcd1 Bg4 27. Re1
Re8 28. Rc1 Rac8 29. Rxc8 Rxc8 30. Ra4 a5 31. Be3 Bf3 32. Rf4 Bd5 33. Rf6 Bxa2
34. Rxb6 a4 35. Rb5 h5 36. Bd4 Bc4 37. Rc5 Rxc5 38. Bxc5 f5 39. f4 Kf7 40. Kf2
Ke6 41. Ke3 1/2-1/2

[Event "Druzynowe Mistrzostwa Polski Juniorow - Ekstraliga"]
[Site "Centrum Wypoczynkowo-Szkoleniowe Gwarek, Ustron"]
[Date "1899-12-30"]
[Round "1.9"]
[White "Kowalski, Igor"]
[Black "Zajac, Szymon"]
[Result "1-0"]
[WhiteTitle "k"]
[BlackTitle "II"]
[WhiteElo "2146"]
[BlackElo "1405"]

1. d4 d5 2. c4 e6 3. Nc3 Nf6 4. cxd5 exd5 5. Bg5 c6 6. e3 Be7 7. Bd3 Be6 8. Qc2
h6 9. Bh4 Nbd7 10. Nge2 O-O 11. O-O Nb6 12. f3 Rc8 13. e4 Ne8 14. Bf2 c5 15. e5
c4 16. Bf5 Nc7 17. f4 Bxf5 18. Qxf5 g6 19. Qh3 Kh7 20. f5 Bg5 21. Be3 Bxe3+ 22.
Qxe3 Qg5 23. Qh3 h5 24. Rf4 Rce8 25. Raf1 Na6 26. fxg6+ Qxg6 27. Rf6 Qg4 28. Rxf7+
Rxf7 29. Rxf7+ Kg8 30. Qxg4+ hxg4 31. Rxb7 Nb4 32. Nf4 Nc6 33. Ncxd5 Nxd5 34.
Nxd5 Nxd4 35. Nf6+ 1-0

[Event "Druzynowe Mistrzostwa Polski Juniorow - Ekstraliga"]
[Site "Centrum Wypoczynkowo-Szkoleniowe Gwarek, Ustron"]
[Date "1899-12-30"]
[Round "1.10"]
[White "Wikar, Rafal"]
[Black "Pacan-milej, Kosma"]
[Result "0-1"]
[WhiteTitle "II"]
[BlackTitle "I"]
[WhiteElo "1417"]
[BlackElo "1851"]

1. e4 c5 2. Nf3 d6 3. d4 cxd4 4. Nxd4 Nf6 5. Nc3 a6 6. Bd3 e5 7. Nf3 Be7 8. Bg5
Nbd7 9. O-O b5 10. Qd2 O-O 11. Rad1 Bb7 12. Rfe1 Nc5 13. a3 Rc8 14. h3 Bc6 15.
Nh2 Ne6 16. Be3 Nh5 17. Be2 Nhf4 18. Bg4 h5 19. Bf5 g6 20. Bxf4 exf4 21. Bxe6
fxe6 22. Nf3 g5 23. Qe2 Qe8 24. Nh2 Qg6 25. f3 Rfd8 26. Rd3 a5 27. Rd2 Rb8 28.
Red1 b4 29. axb4 axb4 30. Na2 d5 31. exd5 Bc5+ 32. Kh1 exd5 33. Qd3 Qf7 34. Nc1
Bb5 35. Qb3 Bc4 36. Qa4 Be3 37. Qc6 Bxd2 38. Rxd2 Qe7 39. Rd1 Qd6 40. Qxd6 Rxd6
41. Re1 Kf7 42. b3 Ba6 43. Kg1 Rc6 44. Nd3 Bxd3 45. cxd3 Rc3 46. Re5 Rxb3 47.
Rxd5 Rb1+ 48. Nf1 b3 49. Rf5+ Kg6 50. Ra5 Rb6 51. Kf2 Rxf1+ 0-1

[Event "Druzynowe Mistrzostwa Polski Juniorow - Ekstraliga"]
[Site "Centrum Wypoczynkowo-Szkoleniowe Gwarek, Ustron"]
[Date "1899-12-30"]
[Round "1.11"]
[White "Pastuszko, Kinga"]
[Black "Leczek, Weronika"]
[Result "1-0"]
[WhiteTitle "k"]
[BlackTitle "I"]
[WhiteElo "1877"]
[BlackElo "1655"]

1. e4 c5 2. Nf3 Nc6 3. d4 cxd4 4. Nxd4 Nf6 5. Nc3 d6 6. Bg5 e6 7. f4 Be7 8. Qd3
O-O 9. O-O-O h6 10. Bxf6 Bxf6 11. Nxc6 bxc6 12. Qxd6 Qb6 13. e5 Rd8 14. Qa3 Qe3+
15. Kb1 Rxd1+ 16. Nxd1 Qxa3 17. bxa3 Rb8+ 18. Kc1 Be7 19. Bc4 Bxa3+ 20. Kd2 Rb6
21. Ne3 Ba6 22. Bb3 Rb4 23. g3 Rd4+ 24. Kc3 c5 25. Rd1 Re4 26. Rd8+ Kh7 27. Nc4
Bb4+ 28. Kd3 Re1 29. c3 Bxc4+ 30. Kxc4 Rc1 31. Rd7 Bxc3 32. Rxf7 Bxe5+ 33. Kb5
Bd4 34. Bxe6 Kg6 35. Rxa7 Rc2 36. g4 Rxh2 37. a4 Kf6 38. f5 Kg5 39. a5 Rb2+ 40.
Kc6 c4 41. Rd7 Bf6 42. Bxc4 Rc2 43. Kb5 Rb2+ 44. Kc5 Bc3 45. a6 Rb4 46. a7 Ra4
47. Bb5 Bd4+ 48. Rxd4 Rxa7 49. Be8 1-0

[Event "Druzynowe Mistrzostwa Polski Juniorow - Ekstraliga"]
[Site "Centrum Wypoczynkowo-Szkoleniowe Gwarek, Ustron"]
[Date "1899-12-30"]
[Round "1.12"]
[White "Wikar, Martyna"]
[Black "Kaczmarska, Joanna"]
[Result "0-1"]
[WhiteTitle "I"]
[BlackTitle "k"]
[WhiteElo "1557"]
[BlackElo "1876"]

1. e4 e5 2. Nf3 Nc6 3. Bc4 Nf6 4. d4 exd4 5. e5 d5 6. Bb5 Ne4 7. Nxd4 Bc5 8. O-O
Bd7 9. Bxc6 bxc6 10. f3 Ng5 11. f4 Ne6 12. Be3 g6 13. Qd2 Bxd4 14. Bxd4 c5 15.
Bf2 Bc6 16. Bg3 Ng7 17. Qc3 Qe7 18. Nd2 Ne6 19. Nf3 Rb8 20. Bh4 Qd7 21. Bf6 Rg8
22. Ng5 d4 23. Qg3 Nxg5 24. fxg5 Rxb2 25. Rab1 Rb6 26. Rxb6 axb6 27. Qh4 Qd5 28.
Qh3 Qxg2+ 29. Qxg2 Bxg2 30. Kxg2 Kd7 31. e6+ fxe6 32. Be5 Ra8 33. Rf7+ Kc6 34.
Rxc7+ Kd5 35. Bg3 Rxa2 36. Rd7+ Ke4 37. Rd6 Rxc2+ 38. Kf1 d3 39. Rxe6+ Kf3 40.
Rf6+ Kg4 41. Ke1 c4 42. Rxb6 c3 43. Rb1 Re2+ 44. Kf1 c2 45. Ra1 Kf3 46. Be1 Rxe1+
47. Kxe1 Ke3 48. Kf1 d2 49. Ra3+ Kf4 50. Ra4+ Kxg5 51. h4+ Kh6 0-1

[Event "Druzynowe Mistrzostwa Polski Juniorow - Ekstraliga"]
[Site "Centrum Wypoczynkowo-Szkoleniowe Gwarek, Ustron"]
[Date "1899-12-30"]
[Round "1.13"]
[White "Kiolbasa, Oliwia"]
[Black "Marczuk, Dominik"]
[Result "1-0"]
[WhiteTitle "WFM"]
[BlackTitle "k"]
[WhiteElo "2210"]
[BlackElo "2184"]

1. e4 c5 2. Nf3 d6 3. d4 cxd4 4. Nxd4 Nf6 5. Nc3 a6 6. Be2 e5 7. Nb3 Be7 8. Be3
Be6 9. Qd3 Nbd7 10. Nd5 Bxd5 11. exd5 Rc8 12. c4 a5 13. a4 O-O 14. O-O b6 15.
Rae1 Nc5 16. Nxc5 bxc5 17. Bd1 Nd7 18. f4 f5 19. Qc2 e4 20. g4 g6 21. g5 Re8 22.
h4 Bf8 23. Qg2 Bg7 24. Re2 Rb8 25. b3 Qe7 26. Qh3 Bd4 27. Rh2 Qg7 28. h5 Kf7 29.
Kf2 Rg8 30. Rfh1 Bxe3+ 31. Qxe3 Qd4 32. Ke2 Rg7 33. Rh3 Re8 34. R3h2 Nb8 35. Bc2
Qb2 36. Kf1 Qd4 37. Ke2 Qb2 38. Kf1 Na6 39. Rd2 Nb4 40. Bd1 Qa1 41. Kg2 Nd3 42.
hxg6+ hxg6 43. Bc2 Qd4 44. Qxd4 Nxf4+ 45. Kg3 Nh5+ 46. Rxh5 cxd4 47. Rh1 d3 48.
Bb1 Ke7 49. Kf4 Kd7 50. Ke3 Kc7 51. Kd4 f4 52. Re1 Rge7 53. Bxd3 exd3 54. Rxe7+
Rxe7 55. Rxd3 Kb6 56. Rf3 Rf7 57. Ke4 Rf5 58. Rxf4 Rxg5 59. Rf8 Rg1 60. Rb8+ Kc7
61. Rb5 Rb1 62. c5 dxc5 63. Rxc5+ Kd7 64. Rxa5 Rxb3 65. Ra7+ Kd6 66. Ra6+ Kd7
67. a5 Ra3 68. Ke5 Re3+ 69. Kd4 Ra3 70. Rxg6 Rxa5 71. Ke5 Ke8 72. Ke6 Kd8 73.
d6 1-0

[Event "Druzynowe Mistrzostwa Polski Juniorow - Ekstraliga"]
[Site "Centrum Wypoczynkowo-Szkoleniowe Gwarek, Ustron"]
[Date "1899-12-30"]
[Round "1.14"]
[White "Golda, Sebastian"]
[Black "Szostko, Jakub"]
[Result "0-1"]
[WhiteTitle "I"]
[BlackTitle "FM"]
[WhiteElo "1959"]
[BlackElo "2319"]

1. e4 c5 2. Nf3 e6 3. d4 cxd4 4. Nxd4 Nf6 5. Nc3 d6 6. Be2 Be7 7. Bg5 h6 8. Be3
Nc6 9. O-O O-O 10. f4 e5 11. Nb3 a5 12. a4 Nb4 13. Bf3 Be6 14. f5 Bc4 15. Rf2
d5 16. exd5 Nfxd5 17. Bxd5 Nxd5 18. Nxd5 Qxd5 19. Qg4 Qc6 20. Nd2 Ba6 21. f6 Bxf6
22. Bxh6 Qe6 23. Rf5 Be2 24. Qh3 gxh6 25. Re1 Ba6 26. Ne4 Bg7 27. Re3 Rad8 28.
Qg4 Qxf5 29. Qxf5 Rd1+ 30. Kf2 Rf1+ 0-1

[Event "Druzynowe Mistrzostwa Polski Juniorow - Ekstraliga"]
[Site "Centrum Wypoczynkowo-Szkoleniowe Gwarek, Ustron"]
[Date "1899-12-30"]
[Round "1.15"]
[White "Kosakowski, Jakub"]
[Black "Korcyl, Patryk"]
[Result "1-0"]
[WhiteTitle "k"]
[BlackTitle "II"]
[WhiteElo "2149"]
[BlackElo "1342"]

1. e4 c5 2. Nf3 d6 3. d4 cxd4 4. Nxd4 Nf6 5. Nc3 a6 6. Bg5 e6 7. f4 Be7 8. Qf3
h6 9. Bh4 Nc6 10. Bf2 O-O 11. O-O-O Qc7 12. Nb3 b5 13. a3 b4 14. axb4 Nxb4 15.
Rd4 d5 16. exd5 Nbxd5 17. Rc4 Qd8 18. Bd3 Rb8 19. Rd1 Kh8 20. Ne4 Nxe4 21. Bxe4
Bb7 22. f5 Bd6 23. Kb1 Rc8 24. Nc5 Qe7 25. f6 gxf6 26. Qh3 f5 27. Qxh6+ Kg8 28.
Bf3 Bxc5 29. Rh4 1-0

[Event "Druzynowe Mistrzostwa Polski Juniorow - Ekstraliga"]
[Site "Centrum Wypoczynkowo-Szkoleniowe Gwarek, Ustron"]
[Date "1899-12-30"]
[Round "1.16"]
[White "Szczurek, Krzysztof"]
[Black "Filewicz, Radoslaw"]
[Result "0-1"]
[WhiteTitle "I"]
[BlackTitle "I"]
[WhiteElo "1916"]
[BlackElo "1773"]

1. e4 d5 2. exd5 Qxd5 3. Nf3 Nf6 4. d4 Bg4 5. Be2 c6 6. O-O e6 7. c4 Qd8 8. Nc3
Be7 9. Be3 O-O 10. Ne5 Bxe2 11. Qxe2 Nbd7 12. f4 g6 13. Kh1 a6 14. Rad1 Qc7 15.
Bf2 Nh5 16. Be1 Ndf6 17. Bh4 Rfe8 18. Qf3 Rad8 19. Rfe1 Ng7 20. Bxf6 Bxf6 21.
Ne4 Be7 22. Ng4 Nh5 23. Ne5 f6 24. Nd3 Rxd4 25. Qe3 Rdd8 26. Nc3 Ng7 27. a3 b6
28. Qe4 c5 29. b3 Rd4 30. Qe3 Bf8 31. Ne4 Qf7 32. a4 Nf5 33. Qf3 a5 34. Nc3 Rdd8
35. Nb5 Nd4 36. Nxd4 Rxd4 37. h3 Red8 38. Nf2 Bh6 39. Ng4 Bxf4 40. Rxd4 Rxd4 41.
Rf1 f5 42. Nf2 Qd7 43. Re1 Bg5 44. Rf1 Kg7 45. Ng4 Rf4 46. Qc3+ Qd4 47. Qc1 Rxf1+
48. Qxf1 fxg4 49. hxg4 Qxg4 50. Qa1+ Bf6 0-1

[Event "Druzynowe Mistrzostwa Polski Juniorow - Ekstraliga"]
[Site "Centrum Wypoczynkowo-Szkoleniowe Gwarek, Ustron"]
[Date "1899-12-30"]
[Round "1.17"]
[White "Burakowska, Gabriela"]
[Black "Marczuk, Anna"]
[Result "1/2-1/2"]
[WhiteTitle "I++"]
[BlackTitle "k"]
[WhiteElo "1785"]
[BlackElo "1969"]

1. d4 Nf6 2. f3 c5 3. d5 d6 4. Nc3 Nbd7 5. e4 g6 6. Be2 Bg7 7. Nh3 a6 8. a4 b6
9. O-O O-O 10. Be3 Ne8 11. Qd2 Ndf6 12. Nf2 Nc7 13. Bh6 Bd7 14. Bxg7 Kxg7 15.
f4 b5 16. e5 Nfe8 17. axb5 axb5 18. Bg4 Bxg4 19. Nxg4 f5 20. Ne3 Kg8 21. Rxa8
Qxa8 22. Ne2 Qa2 23. c4 bxc4 24. Nc3 Qa6 25. Qe2 Ng7 26. Qxc4 Rb8 27. Qxa6 Nxa6
28. Ra1 Nc7 29. Ra7 Nge8 30. exd6 exd6 31. Nc4 Na8 32. Re7 Kf8 33. Rxh7 Rb4 34.
Nxd6 Nxd6 35. Rh8+ Ke7 36. Rxa8 Rxb2 37. Ra7+ Kf8 38. h3 Rc2 39. Ra6 Nc4 40. Nb5
Ne3 41. d6 Rxg2+ 42. Kh1 Rd2 43. Rc6 Nc4 44. Rxc5 1/2-1/2

[Event "Druzynowe Mistrzostwa Polski Juniorow - Ekstraliga"]
[Site "Centrum Wypoczynkowo-Szkoleniowe Gwarek, Ustron"]
[Date "1899-12-30"]
[Round "1.18"]
[White "Dylag, Emilia"]
[Black "Kalinowska, Zuzanna"]
[Result "1/2-1/2"]
[WhiteTitle "I"]
[BlackTitle "k"]
[WhiteElo "1602"]
[BlackElo "1913"]

1. d4 Nf6 2. Nf3 e6 3. e3 b6 4. Bd3 Bb7 5. Nbd2 c5 6. O-O Be7 7. Qe2 d6 8. c4 Nbd7
9. a3 O-O 10. b4 Qc7 11. Bb2 a5 12. bxc5 bxc5 13. Rfc1 Rfb8 14. Rab1 Ba6 15. Bc3
d5 16. Nb3 a4 17. Nxc5 Nxc5 18. dxc5 Qxc5 19. Bb4 Qa7 20. c5 Bxd3 21. Qxd3 Ne4
22. c6 Bxb4 23. axb4 a3 24. Qb3 Nd6 25. Ne5 f6 26. Nd7 Rb5 27. Ra1 Nc4 28. Rxc4
dxc4 29. Qxc4 Rd5 30. b5 Rxd7 31. cxd7 Qxd7 32. Qb3 a2 33. h3 Kf7 34. Rxa2 Rxa2
35. Qxa2 Qxb5 36. Qc2 h6 37. Kh2 Qe5+ 38. Kg1 Qa1+ 39. Kh2 Qe5+ 40. Kg1 Qd6 41.
Qe2 1/2-1/2

[Event "Druzynowe Mistrzostwa Polski Juniorow - Ekstraliga"]
[Site "Centrum Wypoczynkowo-Szkoleniowe Gwarek, Ustron"]
[Date "1899-12-30"]
[Round "1.19"]
[White "Koziol, Kamil"]
[Black "Koitka, Jakub"]
[Result "1/2-1/2"]
[WhiteTitle "k"]
[BlackTitle "I++"]
[WhiteElo "2132"]
[BlackElo "2072"]

1. e4 e5 2. Nf3 Nc6 3. Bb5 a6 4. Ba4 Nf6 5. O-O Be7 6. Re1 b5 7. Bb3 d6 8. c3 O-O
9. h3 Na5 10. Bc2 c5 11. d4 Qc7 12. Nbd2 cxd4 13. cxd4 Nc6 14. d5 Nb4 15. Bb1
a5 16. Nf1 Bd7 17. a3 Na6 18. Be3 Rfc8 19. N1d2 Bd8 20. Qe2 Qb7 21. Nh2 Nc5 22.
g4 Na4 23. Nb3 b4 24. Bd3 Bb6 25. Nf1 Bxe3 26. Nxe3 bxa3 27. Rxa3 Qb4 28. Nc2
Qb6 29. Ne3 Qb4 30. Nc2 Qb6 31. Ne3 Qb4 32. Nc2 1/2-1/2

[Event "Druzynowe Mistrzostwa Polski Juniorow - Ekstraliga"]
[Site "Centrum Wypoczynkowo-Szkoleniowe Gwarek, Ustron"]
[Date "1899-12-30"]
[Round "1.20"]
[White "Delekta, Filip"]
[Black "Tomaszewski, Kacper"]
[Result "1-0"]
[WhiteTitle "I++"]
[BlackTitle "k"]
[WhiteElo "2110"]
[BlackElo "2207"]

1. e4 c6 2. d4 d5 3. Nc3 dxe4 4. Nxe4 Bf5 5. Ng3 Bg6 6. Nf3 Nd7 7. h4 h6 8. h5
Bh7 9. Bd3 Bxd3 10. Qxd3 e6 11. O-O Ngf6 12. c4 Bd6 13. Ne4 Bc7 14. Re1 O-O 15.
Qb3 Rb8 16. Ng3 b5 17. Ne5 Nxe5 18. dxe5 Ng4 19. Bf4 Qh4 20. Re2 Bb6 21. c5 Bxc5
22. Ne4 Bd4 23. Bg3 Qxh5 24. Qf3 Qg6 25. Nd6 c5 26. Rd1 a5 27. Qc6 Qg5 28. Rde1
b4 29. b3 h5 30. Qf3 Qg6 31. Bh4 f6 32. exf6 Bxf6 33. Rxe6 Bxh4 34. Qd5 Bxf2+
35. Kh1 Qxe6 36. Rxe6 Kh7 37. Qxh5+ Nh6 38. Qg6+ Kg8 39. g4 Bd4 40. g5 Ng4 41.
Nf5 Nf2+ 42. Kg2 Rxf5 43. Qxf5 Rf8 44. Qd5 Kh7 45. Qd6 Kg8 46. Qd7 Nd3 47. Re8
Nf4+ 48. Kh2 Ng6 49. Qe6+ Kh7 50. Rxf8 Nxf8 51. Qe8 Ng6 52. Qe4 1-0

[Event "Druzynowe Mistrzostwa Polski Juniorow - Ekstraliga"]
[Site "Centrum Wypoczynkowo-Szkoleniowe Gwarek, Ustron"]
[Date "1899-12-30"]
[Round "1.21"]
[White "Posluszny, Tomasz"]
[Black "Koziorowicz, Michal"]
[Result "1-0"]
[WhiteTitle "II"]
[BlackTitle "II+"]
[WhiteElo "1440"]
[BlackElo "1725"]

1. d4 d5 2. c4 e6 3. Nc3 f5 4. cxd5 exd5 5. Nf3 Nf6 6. Bf4 c6 7. e3 Be7 8. Bd3
O-O 9. O-O Ne4 10. Bxe4 fxe4 11. Ne5 Nd7 12. Nxd7 Bxd7 13. Qb3 Kh8 14. Qxb7 Qe8
15. Bg3 h5 16. Qa6 Rf6 17. Qe2 Bg4 18. f3 exf3 19. gxf3 Bh3 20. Rf2 Rg6 21. Kh1
Bg5 22. f4 Bg4 23. Qd2 Bh6 24. Bh4 Bf5 25. Rf3 Rg4 26. Bf2 Be4 27. Nxe4 Qxe4 28.
Qd1 Rf8 29. h3 Rg6 30. Rc1 Rgf6 31. Kg2 g5 32. Kh2 g4 33. Rg3 Bxf4 34. exf4 Rxf4
35. Bg1 Rf3 36. Rc3 Rf1 37. Qd2 R8f4 38. Rce3 R4f2+ 39. Qxf2 Rxf2+ 40. Bxf2 Qf4
41. Kg2 gxh3+ 42. Rxh3 1-0

[Event "Druzynowe Mistrzostwa Polski Juniorow - Ekstraliga"]
[Site "Centrum Wypoczynkowo-Szkoleniowe Gwarek, Ustron"]
[Date "1899-12-30"]
[Round "1.22"]
[White "Dzida, Kamil"]
[Black "Grochol, Kamil"]
[Result "1-0"]
[WhiteTitle "II+"]
[BlackTitle "II"]
[WhiteElo "1519"]
[BlackElo "1402"]

1. e4 Nf6 2. e5 Nd5 3. d4 d6 4. Bc4 Nb6 5. Bd3 Nc6 6. exd6 exd6 7. Be3 Be7 8. c3
O-O 9. Ne2 Be6 10. Qc2 h6 11. O-O Qd7 12. c4 d5 13. c5 Nc8 14. a3 Re8 15. b4 Bf8
16. Nd2 N8e7 17. f4 Bf5 18. Ng3 Bxd3 19. Qxd3 f5 20. Nf3 g6 21. Ne5 Nxe5 22. dxe5
c6 23. Ne2 Bg7 24. Nd4 a6 25. a4 Kh8 26. a5 h5 27. Nf3 Bh6 28. g3 Rad8 29. Nd4
Bg7 30. Qc3 Ng8 31. Rad1 Nh6 32. h3 Qe7 33. Nf3 Nf7 34. Bd4 Qe6 35. Rfe1 Rd7 36.
Re2 Red8 37. Rde1 Re8 38. Bf2 Nd8 39. Nd4 Qg8 40. g4 Ne6 41. Nxe6 Qxe6 42. gxh5
gxh5 43. Qf3 Qg6+ 44. Kh2 Bh6 45. e6 Rde7 46. Bd4+ Bg7 47. Rg2 Qh7 48. Rxg7 Rxg7
49. Rg1 Ree7 50. Rxg7 Rxg7 51. e7 Qg6 52. Bxg7+ Kxg7 53. Qe3 Qe8 54. Qe6 Kh8 55.
Qf6+ Kg8 56. Qe6+ Kg7 57. Kg2 h4 58. Kf2 Kh8 59. Ke3 Kg7 60. Kd4 Kh8 61. Ke5 Kg7
62. Qf6+ Kg8 63. Kxf5 Kh7 64. Kg5 Kg8 65. Qg6+ Qxg6+ 66. Kxg6 1-0

[Event "Druzynowe Mistrzostwa Polski Juniorow - Ekstraliga"]
[Site "Centrum Wypoczynkowo-Szkoleniowe Gwarek, Ustron"]
[Date "1899-12-30"]
[Round "1.23"]
[White "Cieslak, Wiktoria"]
[Black "Maruszczak, Joanna"]
[Result "0-1"]
[WhiteTitle "k"]
[BlackTitle "k+"]
[WhiteElo "1795"]
[BlackElo "1845"]

1. e4 c5 2. Nf3 e6 3. d4 cxd4 4. Nxd4 Nc6 5. Nb5 d6 6. c4 Nf6 7. Bg5 a6 8. Bxf6
gxf6 9. Nd4 Qb6 10. Nxc6 bxc6 11. Qd2 c5 12. Nc3 Bb7 13. Be2 Bg7 14. Rd1 Rd8 15.
O-O O-O 16. f4 f5 17. exf5 d5 18. fxe6 fxe6 19. cxd5 exd5 20. Qc2 c4+ 21. Kh1
Kh8 22. Na4 Qa5 23. b3 Bc6 24. Rf3 d4 25. Rh3 d3 26. Bxd3 Rxd3 27. Rhxd3 cxd3
28. Qxc6 Rxf4 29. Qc8+ Rf8 30. Qc4 Qd2 31. Qg4 Qe2 32. h3 Rf1+ 33. Rxf1 Qxf1+
34. Kh2 Be5+ 35. g3 Qe2+ 36. Kg1 Qxg4 37. hxg4 d2 38. Kf2 d1=Q 0-1

[Event "Druzynowe Mistrzostwa Polski Juniorow - Ekstraliga"]
[Site "Centrum Wypoczynkowo-Szkoleniowe Gwarek, Ustron"]
[Date "1899-12-30"]
[Round "1.24"]
[White "Krzywnicka, Maria"]
[Black "Guzik, Natalia"]
[Result "1-0"]
[WhiteTitle "I+"]
[BlackTitle "I++"]
[WhiteElo "1564"]
[BlackElo "1722"]

1. e4 c5 2. Nc3 Nc6 3. g3 g6 4. d3 Bg7 5. Bg2 d6 6. Be3 e6 7. Qd2 Nge7 8. Bh6 O-O
9. h4 f5 10. h5 Rf7 11. hxg6 hxg6 12. Nf3 Nd4 13. Bxg7 Nxf3+ 14. Bxf3 Rxg7 15.
Qh6 Bd7 16. O-O-O Rc8 17. g4 Nc6 18. gxf5 exf5 19. exf5 Nb4 20. fxg6 Kf8 21. Qh8+
Rg8 22. g7+ Kf7 23. Bh5+ Ke7 24. Rde1+ Be6 25. Qh6 Qd7 26. Qg5# 1-0